| 000 | 00584 am a22001938a 4500 | ||
|---|---|---|---|
| 001 | 009045871 | ||
| 005 | 20121018131605.0 | ||
| 008 | 990308s1999 enk || 000 ||eng | ||
| 020 | _a0071160108 (pbk) : | ||
| 082 | 0 | 4 |
_a629.132 _222 _bAND |
| 100 | 1 |
_aAnderson, John. _931189 |
|
| 245 | 1 | 0 |
_aAircraft Performance & Design / _cby John D. Anderson |
| 260 |
_aLondon : _bMcGraw-Hill, _c1999. |
||
| 300 |
_a280 p. : _bill. ; _c24 cm. |
||
| 650 | 0 |
_aAirplanes _xDesign and construction. _931190 |
|
| 650 | 0 |
_aAirplanes _xPerfomance. _931191 |
|
| 653 |
_bMec _cOctober2012 |
||
| 942 |
_2ddc _cBB |
||
| 999 |
_c17078 _d17050 |
||